000
00243nam a22000857a 4500
008
160912b xxu||||| |||| 00| 0 eng d
100
_9
399
_a
Singh, R
245
_a
Together With Picture Dictionary
260
_a
New Delhi
_b
Rachna Sagar publication
_c
2008
999
_c
3056
_d
3056